Statistics for All Island Countries Quiz

Click here to take the quiz!

General Stats

  • This quiz has been taken 92 times
  • The average score is 39 of 47

Answer Stats

Answer% Correct
Tuvalu
95%
New Zealand
92%
Saint Kitts and Nevis
92%
Saint Lucia
92%
Cape Verde
91%
Malta
91%
Seychelles
91%
Cuba
89%
Indonesia
89%
Nauru
89%
Trinidad and Tobago
89%
Antigua and Barbuda
88%
Dominica
88%
Dominican Republic
88%
Maldives
88%
Saint Vincent and the Grenadines
88%
Barbados
86%
Grenada
86%
Haiti
86%
Ireland
86%
São Tomé and Príncipe
86%
Sri Lanka
86%
United Kingdom
86%
Vanuatu
86%
Comoros
85%
Madagascar
85%
Palau
85%
Solomon Islands
85%
Cyprus
83%
Marshall islands
83%
Samoa
83%
Bahamas
82%
Jamaica
82%
Philippines
82%
Tonga
82%
Iceland
80%
Mauritius
79%
Taiwan
79%
Federated States of Micronesia
77%
Japan
77%
Papua New Guinea
74%
Fiji
73%
Kiribati
73%
Singapore
67%
Brunei
62%
East Timor
62%
Bahrain
61%

Score Distribution

Percentile by Number Answered

Percent of People with Each Score

Your Score History

You have not taken this quiz